| 000 | 00919nam a2200253Ia 4500 | ||
|---|---|---|---|
| 003 | OSt | ||
| 005 | 20220923220648.0 | ||
| 006 | a|||||r|||| 00| 0 | ||
| 007 | ta | ||
| 008 | 220922b |||||||| |||| 00| 0 hin d | ||
| 024 | _a188,778 | ||
| 037 | _cTextual | ||
| 040 |
_aARTS _cARTS _bhin |
||
| 041 |
_2hin _ahin |
||
| 082 | _aO152,2M89:g, L6 | ||
| 100 | _aश्रीवास्तव, जगदीश प्रसाद | ||
| 245 | 0 |
_aप्रसाद के नाटक _b रचना और प्रकिया |
|
| 246 | _aPrasād ke nāṭaka: rachanā aur prakiyā | ||
| 260 |
_aइलाहाबाद _b साहित्य भवन _c1976 |
||
| 300 |
_a254 पृ. _ccm. |
||
| 650 |
_aहिन्दी साहित्य _9156264 |
||
| 942 |
_hO152,2M89:g, L6 _cTEXL _2CC |
||
| 999 |
_c341672 _d341672 |
||